000 00352nam a2200133Ia 4500
008 231129s9999||||xx |||||||||||||| ||spa||
020 _a84-7100-425-9
040 _bspa
082 _a986.101 Ch512i
100 _aChaves Mendoza Alvaro
245 0 _aLos indios de Colombia
264 _aMapfre
942 _2ddc
_cBKS
999 _c19758
_d19758